000 00326nam a22001457a 4500
020 _a81-259-1734-9
082 _a494
_bTHI/E
100 _a THIVAR, THRILOKINATH
100 _aDHOOBHE, RAMNAYAN
245 _aEKANKI SUMAN
250 _aFIRST
260 _aNEW DELHI
_bMADHUBUN
_c2005
650 _aPLAY
_zNEW DELHI
942 _cBK
999 _c4374
_d4374